Statistics for Towns in Switzerland - With Pictures

Click here to take the quiz!

General Stats

  • This quiz has been taken 68 times
  • The average score is 9 of 12

Answer Stats

Answer% Correct
Geneva
98%
Zürich
97%
Bern
97%
Basel
93%
Lucerne
83%
Lausanne
75%
Lugano
67%
St. Gallen
65%
Winterthur
52%
Fribourg
48%
Thun
47%
Sion
47%

Score Distribution

Percentile by Number Answered

Percent of People with Each Score

Your Score History

You have not taken this quiz